00851cam a22002773a 450000100060000000300060000600500170001200800410002904000150007004200070008505000070009210000410009924500760014026000290021650600300024551600200027565300320029565300190032765300270034665300290037383000290040285600420043194200070047399900190048095200740049928838PGUSA20140828083626.0090501s2009||||xxu|||||s|||||000 1 eng d aPGUSAbeng adc 4aPR1 aRichardson, Henry Handel,d1870-194614aThe Getting of Wisdomh[electronic resource] /cHenry Handel Richardson bProject Gutenberg,c2009 aPublic domain in the USA. aElectronic text aMelbourne (Vic.) -- Fiction aBildungsromans aYoung women -- Fiction aAutobiographical fiction 0aProject Gutenbergv2883840uhttp://www.gutenberg.org/ebooks/28838 cEB c258093d258093 001040aGTBbGTBd2014-08-28l0r2014-08-28 00:00:00w2014-08-28yEB